01133 a2200157 4500001000700000020001800007020001100025041000800036082000800044100002100052520077700073856002400850040002500874245004400899260003200943119228 a9780802126757 qbroch. aeng a813 aFrazier, Charles aCharles Frazier's debut novel Cold Mountain made publishing history in 1997 when it stood at the top of the New York Times best-seller list for sixty-one weeks, won numerous literary awards, including the National Book Award, and went on to sell over three million copies. Now reissued for its twentieth year, this extraordinary tale of a soldier's perilous journey back to his beloved at the end of the Civil War is at once an enthralling adventure, a stirring love story, and a luminous evocation of a vanished land. Adapted into an Oscar-nominated movie starring Nicole Kidman and Jude Law, and a 2015 opera co-commissioned between Santa Fe Opera, Opera Philadelphia and the Minnesota Opera, Cold Mountain portrays an era that continues to speak eloquently to our time. u000034/00003499.jpg aBR-BrIDEAcBR-BrIDEA10aCold mountainba novelcCharles Frazier aNew YorkbGrove Pressc1997